| 000 | 00552nam a2200181Ia 4500 | ||
|---|---|---|---|
| 005 | 20230321132540.0 | ||
| 008 | 230125s9999 xx 000 0 und d | ||
| 020 | _a978-93-5164-047-9 | ||
| 041 | _aeng | ||
| 082 |
_a658.15 _bGOV |
||
| 100 | _aGovindaraj M | ||
| 245 | _aMerchant Banking and Financial Services | ||
| 260 |
_c2014 _bNirali Prakashan _aPune |
||
| 500 | _aFinancial services;Merchant banking | ||
| 650 |
_aFinancial services;Merchant banking _9180799 |
||
| 700 |
_aGovindaraj M; Kulkarni S B & HNIMR Staff, Donor _9116126 |
||
| 942 | _cBK | ||
| 999 |
_c93796 _d93796 |
||